000 00354nam a2200133Ia 4500
005 20250409181611.0
008 250409s9999||||xx |||||||||||||| ||und||
100 _aG.KRISHNAN NADAR
245 2 _aA BOOK OF HISTORICAL METHOD AND HISTORIOGRAPHY
260 _bG. KRISHNAN NADAR
_aTHIRUVANANTHAPURAM
300 _a559.P
650 _vHistory
942 _cBOOK
999 _c25579
_d25579